[Event "Budapest FS02 IM (Women)"]
[Site "Budapest"]
[Date "1995.??.??"]
[Round "5"]
[White "Heymann, Ulrike"]
[Black "Cynolter Bognarne, Erzsebet"]
[Result "1-0"]
[WhiteElo "2050"]
[BlackElo "2000"]

1.e4 d6 2.d4 Nf6 3.Nc3 Nbd7 4.Be3 a6 5.a4 c6 6.h3 e5 7.Bd3 Be7 8.Nge2 O-O
9.O-O Qc7 10.f4 c5 11.dxe5 dxe5 12.b3 b6 13.f5 Bb7 14.g4 h6 15.Kh2 c4 16.bxc4 Bc5
17.Bxc5 Nxc5 18.Ng3 Rfd8 19.Nd5 Qd6 20.Qb1 Rab8 21.Rd1 Bc6 22.Qc1 Bxa4 23.Rg1 Nh7
24.Nh5 Ng5 25.Qe3 f6 26.h4 Nh7 27.g5 hxg5 28.hxg5 Be8 29.gxf6 Bxh5 30.Rxg7+ Kf8
31.Qh6  1-0

[Event "HUN-ch"]
[Site "Budapest"]
[Date "1995.??.??"]
[Round "10"]
[White "Polgar, Sofia"]
[Black "Ruck, Robert"]
[Result "0-1"]
[WhiteElo "2500"]
[BlackElo "2435"]

1.e4 d6 2.d4 Nf6 3.Nc3 Nbd7 4.Be3 e5 5.f3 Be7 6.Qd2 c6 7.g4 h6 8.Nce2 d5
9.dxe5 Nxe5 10.Bd4 Qc7 11.O-O-O dxe4 12.Qc3 Nxf3 13.Nxf3 exf3 14.Qxf3 Bxg4
15.Qg2 O-O-O 16.Re1 Be6 17.a3 Qa5 18.Bc3 Qa4 19.Qf3 Bxa3 20.Bh3 Bb4 21.Bxe6+ fxe6
22.Kb1 Bxc3 23.Nxc3 Qc4 24.b3 Qc5 25.Rxe6 Rhe8 26.Rhe1 Rxe6 27.Rxe6 Qg1+
28.Kb2 Qxh2 29.Qf5 Kc7 30.Qa5+ Kc8 31.Qf5 Kb8 32.Re7 Qg3 33.Ne2 Qg5 34.Qe6 Nd5
35.Rf7 h5 36.Nd4 Qe3 37.Qxe3 Nxe3 38.Ne6 Rg8 39.Nxg7 h4 40.Ne6 Rh8 41.Nc5 h3
42.Rxb7+ Ka8  0-1

[Event "Budapest Hungaroil"]
[Site "Budapest"]
[Date "1995.??.??"]
[Round "10"]
[White "Sandor, Christian"]
[Black "Lengyel, Levente"]
[Result "1/2-1/2"]
[WhiteElo "2420"]
[BlackElo "2365"]

1.e4 d6 2.d4 Nf6 3.Nc3 e5 4.Nf3 Nbd7 5.Bc4 Be7 6.O-O O-O 7.Re1 c6 8.a4 exd4
9.Qxd4 Ng4 10.a5 Nde5 11.Be2 Nxf3+ 12.Bxf3 Ne5 13.Be2 f5 14.a6 fxe4 15.axb7 Bxb7
16.Qxe4 Qc7 17.f4 Ng6 18.Bh5 Bh4 19.g3 Bf6 20.Be3 Bxc3 21.bxc3 c5 22.Qc4+ Kh8
23.Rf1 Ne5 24.Qb5 a6 25.Qa4 Bc6 26.Qa2 Bb7 27.Qa4 Bc6 28.Qa2  1/2-1/2

[Event "Budapest Statistika"]
[Site "Budapest"]
[Date "1995.??.??"]
[Round "10"]
[White "Lengyel, Bela"]
[Black "Doric, Nenad"]
[Result "1-0"]
[WhiteElo "2425"]
[BlackElo "2245"]

1.e4 d6 2.d4 Nf6 3.Nc3 e5 4.Nf3 Nbd7 5.Bc4 Be7 6.O-O O-O 7.a4 c6 8.Ba2 b6
9.h3 a6 10.Qe2 Bb7 11.Rd1 Qc7 12.Nh4 Rfc8 13.Nf5 Bf8 14.dxe5 dxe5 15.Qf3 c5
16.Bc4 Rd8 17.Bg5 g6 18.Nh6+ Bxh6 19.Bxh6 Qc6 20.g4 Rf8 21.g5 Nh5 22.Bxf8 Rxf8
23.Qg4 Bc8 24.Nd5 Re8 25.Qf3 Nf4 26.Nxf4 exf4 27.Qxf4 Ne5 28.Bf1 Bb7 29.Bg2  1-0

[Event "Budapest FS09 GM"]
[Site "Budapest"]
[Date "1995.??.??"]
[Round "12"]
[White "Acs, Peter"]
[Black "Lengyel, Levente"]
[Result "1/2-1/2"]
[WhiteElo "2370"]
[BlackElo "2365"]

1.e4 d6 2.d4 Nf6 3.Nc3 e5 4.dxe5 dxe5 5.Qxd8+ Kxd8 6.Bc4 Be6 7.Bxe6 fxe6
8.Bg5 Bd6 9.O-O-O Ke7 10.Nge2 h6 11.Bxf6+ gxf6 12.g3 Nc6 13.f4 exf4 14.gxf4 Rhg8
15.Rhg1 Rxg1 16.Rxg1 Kf7 17.Rg3 a6 18.Rh3 Rh8 19.Nd1 Ne7 20.c3 Ng6 21.Rf3 Nh4
22.Rf1 Bc5 23.Kc2  1/2-1/2

[Event "BUL-ch rapid"]
[Site "?"]
[Date "1995.??.??"]
[Round "?"]
[White "Petrov, Marijan"]
[Black "Ninov, Nikolai"]
[Result "1/2-1/2"]
[WhiteElo "2385"]
[BlackElo "2435"]

1.e4 d6 2.d4 Nf6 3.Nc3 Nbd7 4.Nf3 e5 5.Bc4 Be7 6.O-O O-O 7.Re1 c6 8.a4 b6
9.h3 Bb7 10.Bg5 a6 11.dxe5 Nxe5 12.Nxe5 dxe5 13.Qf3 h6 14.Be3 b5 15.Bb3 Qc7
16.Rad1 Rad8 17.Rxd8 Rxd8 18.Qf5 Kf8 19.axb5 axb5 20.Ra1 b4 21.Ne2 c5 22.Ng3 c4
23.Ba4 Ra8 24.b3 Bc6 25.f4 cxb3 26.cxb3 Bxa4 27.Rc1 Bc6 28.fxe5 Ra5 29.exf6 Rxf5
30.fxe7+ Kxe7 31.Nxf5+  1/2-1/2

[Event "BUL-ch"]
[Site "?"]
[Date "1995.??.??"]
[Round "?"]
[White "Petrov, Marijan"]
[Black "Ninov, Nikolai"]
[Result "1-0"]
[WhiteElo "2385"]
[BlackElo "2435"]

1.e4 d6 2.d4 Nf6 3.Nc3 Nbd7 4.Bc4 e5 5.Nf3 Be7 6.O-O O-O 7.Qe2 exd4 8.Nxd4 Ne5
9.Bb3 c5 10.Nf5 Bxf5 11.exf5 Qd7 12.f4 Nc6 13.g4 Nd4 14.Qg2 Nxb3 15.axb3 d5
16.g5 Ne4 17.f6 Bd8 18.Nxe4 dxe4 19.f5 Qd4+ 20.Kh1 Re8 21.Ra4 Qe5 22.fxg7 e3
23.g6 hxg6 24.fxg6 fxg6 25.Bxe3 Qe6 26.Bxc5 Bb6 27.Bf8  1-0

[Event "Bytom op"]
[Site "Bytom"]
[Date "1995.??.??"]
[Round "?"]
[White "Murawski, Grzegorz"]
[Black "Masternak, Aleksander"]
[Result "1/2-1/2"]
[WhiteElo "2215"]
[BlackElo "2255"]

1.e4 d6 2.d4 Nf6 3.Nc3 e5 4.dxe5 dxe5 5.Qxd8+ Kxd8 6.Bg5 Be6 7.O-O-O+ Nd7
8.Nf3 Kc8 9.Nd2 Ng4 10.Bh4 Bc5 11.f3 Ne3 12.Re1 Nxf1 13.Nxf1 Bb4 14.Re3 c6
15.a3 Ba5 16.Ng3 Bd8 17.Bxd8 Rxd8 18.Rd3 Nc5 19.Rxd8+ Kxd8 20.Rd1+ Kc7 21.Nf1 b5
22.b4 Nd7 23.Ne3 Nb6 24.Kb2 a5 25.Ra1 g6 26.Re1 f5 27.exf5 gxf5 28.g3 axb4
29.axb4 f4 30.gxf4 exf4 31.Ng2 Nc4+ 32.Kb1 Bf5 33.Nxf4 Nd2+ 34.Kb2 Nxf3 35.Rf1 Nd4
36.Nfe2 Nxe2 37.Rxf5 Nxc3 38.Kxc3 Ra3+ 39.Kb2 Rh3 40.Rf2 Kd6 41.c3 Ke5 42.Kc2 Ke4
43.Rd2 Rh6 44.Kb3 Ke3 45.Ra2 Kf4 46.Rd2 Kg4 47.Rf2 Rd6 48.Kc2 h5 49.c4 Rd4
50.cxb5 cxb5 51.Kc3 Rc4+ 52.Kb3 Rf4 53.Rg2+ Kh3 54.Rg5 Rf3+ 55.Kc2 h4 56.Rxb5 Kxh2
57.Rh5 h3 58.b5 Rg3 59.b6 Rg7  1/2-1/2

[Event "Bytom op"]
[Site "Bytom"]
[Date "1995.??.??"]
[Round "?"]
[White "Sladkowski, Stanislaw"]
[Black "Masternak, Grzegorz"]
[Result "0-1"]
[WhiteElo "2215"]
[BlackElo "2395"]

1.e4 d6 2.d4 Nf6 3.Nc3 e5 4.dxe5 dxe5 5.Qxd8+ Kxd8 6.Bg5 Be6 7.O-O-O+ Nd7
8.f4 exf4 9.Nf3 h6 10.Bxf4 c6 11.Nd4 Bc5 12.Nxe6+ fxe6 13.Bc4 Re8 14.e5 Nd5
15.Ne4 Be3+ 16.Bxe3 Nxe3 17.Nc5 Nd5 18.Be2 Nxc5 19.c4 Ke7 20.cxd5 exd5 21.Rhe1 Rf8
22.b4 Ne6  0-1

[Event "Cannes op"]
[Site "Cannes"]
[Date "1995.??.??"]
[Round "2"]
[White "Shchekachev, Andrei"]
[Black "Manouck, Thierry"]
[Result "1/2-1/2"]
[WhiteElo "2465"]
[BlackElo "2320"]

1.e4 d6 2.d4 Nf6 3.Nc3 e5 4.dxe5 dxe5 5.Qxd8+ Kxd8 6.Bc4 Be6 7.Bxe6 fxe6
8.f3 Bd6 9.Be3 Ke7 10.O-O-O a6 11.Nh3 Nbd7 12.Nf2 b5 13.Nb1 Rhc8 14.Nd2 c5
15.c4 Nb6 16.Kb1 Nfd7 17.Rc1 h6 18.Rhd1 b4 19.Nd3 a5 20.a3 bxa3 21.bxa3 a4
22.Ka2 Kd8 23.Rb1 Kc7 24.Rb5 Kc6 25.Rdb1 Rcb8 26.R1b2 Nc8 27.Rxb8 Rxb8 28.Nf2 Ndb6
29.Rb1 Ra8 30.Nd3 Nd7 31.Kb2 Bc7 32.Kc2 Nd6 33.Rc1 Rb8 34.Nb2 Nb6 35.h4 Ra8
36.Rh1 Bd8 37.Rh3 Ra7 38.h5 Nd7 39.Rg3 Bf6 40.Nd3 Nf7 41.Rg6 Nh8 42.Rg4 Nf7
43.g3 Bg5 44.f4 Nf6 45.fxg5 Nxg4 46.Bxc5 Rd7 47.g6 Ng5 48.Bf8  1/2-1/2

[Event "Cannes op"]
[Site "Cannes"]
[Date "1995.??.??"]
[Round "4"]
[White "Sermek, Drazen"]
[Black "Manouck, Thierry"]
[Result "1-0"]
[WhiteElo "2515"]
[BlackElo "2320"]

1.e4 d6 2.d4 Nf6 3.Nc3 Nbd7 4.f4 e5 5.Nf3 exd4 6.Qxd4 c6 7.e5 dxe5 8.fxe5 Bc5
9.Qf4 Qe7 10.Be2 Nd5 11.Nxd5 cxd5 12.Be3 Bxe3 13.Qxe3 O-O 14.O-O-O Nb6 15.Qf4 f6
16.Rhe1 Bd7 17.Bd3 fxe5 18.Qxe5 Qxe5 19.Nxe5 Bf5 20.b3 Rae8 21.a4 a5 22.Kd2 Nc8
23.Kc3 Nd6 24.Bxf5 Rxf5 25.Rxd5 Rc8+ 26.Kd4 Rf6 27.Nd7 Rg6 28.Re2 Rd8 29.Ne5 Re6
30.Rf2 b6 31.Nc4 Nf7 32.Rxd8+ Nxd8 33.Kd5 h5 34.Rf5 Rg6 35.g3 h4 36.Ne5 Rh6
37.gxh4 Ne6 38.h5 Nc7+ 39.Kc4 Ne8 40.Rg5 Re6 41.c3 Kh7 42.Ng4 Nc7 43.Re5 Rc6+
44.Kd4 Rd6+ 45.Ke4 Rd1 46.Ne3 Rb1 47.Re7 Na6 48.Nf5 Kh8 49.Rxg7 Nc5+ 50.Kd5 Rxb3
51.h6  1-0

[Event "Cannes op"]
[Site "Cannes"]
[Date "1995.??.??"]
[Round "4"]
[White "Mohr, Georg"]
[Black "Schmidt Schaeffer, Sebastian"]
[Result "1-0"]
[WhiteElo "2430"]
[BlackElo "2355"]

1.e4 d6 2.d4 Nf6 3.Nc3 Nbd7 4.Nf3 e5 5.Bc4 Be7 6.O-O O-O 7.Qe2 c6 8.a4 exd4
9.Nxd4 Re8 10.Ba2 Bf8 11.Qf3 Qa5 12.Re1 d5 13.Bf4 Nc5 14.e5 Nfe4 15.Nxd5 cxd5
16.Bxd5 Nf6 17.b4 Qxb4 18.c3 Qb6 19.a5 Qd8 20.exf6 Rxe1+ 21.Rxe1 Qxf6 22.Re8 a6
23.Bd6  1-0

[Event "Cappelle op"]
[Site "Cappelle la Grande"]
[Date "1995.??.??"]
[Round "1"]
[White "Saltaev, Mihail"]
[Black "Shaw, John"]
[Result "1-0"]
[WhiteElo "2495"]
[BlackElo "2280"]

1.e4 d6 2.d4 Nf6 3.Nc3 e5 4.dxe5 dxe5 5.Qxd8+ Kxd8 6.Bc4 Be6 7.Bxe6 fxe6
8.f3 Nc6 9.Be3 Bd6 10.O-O-O a6 11.Nh3 Ke7 12.Nf2 Rhf8 13.Nd3 Nh5 14.Nc5 b6
15.Bg5+ Nf6 16.Nb3 h6 17.Be3 Nh5 18.Na4 Nf4 19.Rd2 Rfd8 20.Rhd1 Bb4 21.c3 Rxd2
22.Rxd2 Bd6 23.Kd1 a5 24.g3 Nh5 25.c4 Bb4 26.Rd3 Rd8 27.Ke2 Rxd3 28.Kxd3 Kd7
29.a3 Be7 30.c5 b5 31.Nc3 a4 32.Nd2 Nd4 33.Bxd4 exd4 34.Nxb5 e5 35.Nc4 Bf6
36.Na5 Bg5 37.c6+ Kc8 38.Nc4 Bf6 39.f4 exf4 40.g4  1-0

[Event "Cappelle op"]
[Site "Cappelle la Grande"]
[Date "1995.??.??"]
[Round "3"]
[White "Salomon, Franck"]
[Black "Shaw, John"]
[Result "0-1"]
[WhiteElo "2065"]
[BlackElo "2280"]

1.e4 d6 2.d4 Nf6 3.Nc3 e5 4.dxe5 dxe5 5.Qxd8+ Kxd8 6.a3 Bd6 7.Bc4 Be6 8.Bxe6 fxe6
9.f3 Nc6 10.Be3 Ke7 11.Nge2 Rhb8 12.Nb5 a6 13.Nxd6 cxd6 14.O-O Rc8 15.Rfd1 Na5
16.c3 Rc6 17.Rd3 Rac8 18.Rad1 Nc4 19.Bc1 Rb6 20.Ng3 Nxb2 21.Bxb2 Rxb2 22.Rxd6 Rxc3
23.Nf1 Nd5 24.Rxe6+ Kxe6 25.exd5+ Ke7  0-1

[Event "Cappelle op"]
[Site "Cappelle la Grande"]
[Date "1995.??.??"]
[Round "9"]
[White "Bouhallel, Rabah"]
[Black "Beikert, Guenther"]
[Result "0-1"]
[WhiteElo "2225"]
[BlackElo "2440"]

1.d4 d6 2.e4 Nf6 3.Nc3 e5 4.Nf3 Nbd7 5.Bc4 Be7 6.O-O O-O 7.a4 c6 8.dxe5 Nxe5
9.Be2 Re8 10.Be3 Bf8 11.Nxe5 Rxe5 12.f4 Re8 13.Bf3 Nxe4 14.Bxe4 d5 15.Bxd5 cxd5
16.Qd3 Qa5 17.Kh1 d4 18.Bxd4 Bf5 19.Qg3 Rad8 20.Be5 Bxc2 21.Nb5 Bd3 22.Bc7 b6
23.Rfd1 Rd7 24.Be5 Bxb5 25.axb5 Qxb5 26.Re1 Rd3 27.Qg4 a5 28.h4 Qd7 29.f5 Rd5
30.Bxg7 Rxe1+ 31.Rxe1 Bxg7 32.Re8+ Qxe8 33.f6 Qe1+  0-1

[Event "Castellar op"]
[Site "Castellar"]
[Date "1995.??.??"]
[Round "?"]
[White "Gonzalez, J."]
[Black "Garcia Carbo, Marcial"]
[Result "1-0"]
[WhiteElo "2395"]
[BlackElo "2250"]

1.d4 d6 2.e4 Nf6 3.Nc3 e5 4.dxe5 dxe5 5.Qxd8+ Kxd8 6.Nf3 Bd6 7.Bc4 Be6 8.Bxe6 fxe6
9.a3 Nc6 10.Be3 Ke7 11.h3 Rhf8 12.Ke2 a6 13.Rhd1 b5 14.b4 Rfb8 15.Nd2 a5
16.bxa5 b4 17.axb4 Bxb4 18.Ncb1 Rxa5 19.Rxa5 Bxa5 20.Bc5+ Ke8 21.c3 Rb2 22.Kd3 Rb8
23.f3 Nh5 24.Kc2 Rd8 25.Na3 Nf4 26.Nac4 Ne2 27.Re1 Nf4 28.Ra1 Bb6 29.Nxb6 cxb6
30.Bxb6 Rb8 31.Bc5 Nxg2 32.Rg1 Nf4 33.Rxg7 h5 34.h4 Rb5 35.Ba3 Nd8 36.Nc4  1-0

[Event "Celle Ligure op"]
[Site "Celle Ligure"]
[Date "1995.??.??"]
[Round "?"]
[White "Mazzotti, Carlo"]
[Black "Aranovitch, Emiliano"]
[Result "1/2-1/2"]
[WhiteElo "1920"]
[BlackElo "1900"]

1.e4 d6 2.d4 Nf6 3.Nc3 c6 4.Be2 Qa5 5.Bd2 e5 6.Nf3 Qc7 7.O-O Be7 8.h3 O-O
9.Bg5 Nbd7 10.Qd2 Re8 11.Rad1 h6 12.Bh4 Nf8 13.Bg3 N6d7 14.a4 a6 15.Bc4 Bf6
16.Bb3 Ne6 17.Bxe6 Rxe6 18.d5 cxd5 19.Nxd5 Qc6 20.a5 Bd8 21.b3 Qb5 22.b4 b6
23.axb6 Nxb6 24.Qd3  1/2-1/2

[Event "Celle Ligure op"]
[Site "Celle Ligure"]
[Date "1995.??.??"]
[Round "?"]
[White "Coppini, Giorgio"]
[Black "Aranovitch, Emiliano"]
[Result "1-0"]
[WhiteElo "2170"]
[BlackElo "1900"]

1.e4 d6 2.d4 Nf6 3.Nc3 c6 4.Nf3 Bg4 5.Be2 e6 6.O-O Be7 7.h3 Bh5 8.e5 dxe5
9.dxe5 Nfd7 10.g4 Bg6 11.Bd3 Qc7 12.Qe2 O-O 13.h4 a5 14.h5 Bxd3 15.cxd3 h6
16.Re1 Re8 17.g5 hxg5 18.Nxg5  1-0

[Event "Celle Ligure op"]
[Site "Celle Ligure"]
[Date "1995.??.??"]
[Round "?"]
[White "Leoncini, Mario"]
[Black "Aranovitch, Emiliano"]
[Result "1-0"]
[WhiteElo "2055"]
[BlackElo "1900"]

1.e4 d6 2.d4 Nf6 3.Nc3 c6 4.Nf3 Bg4 5.h3 Bh5 6.Be2 e6 7.Bf4 d5 8.exd5 exd5
9.O-O Bd6 10.Ne5 Bxe2 11.Nxe2 Nh5 12.Bh2 O-O 13.g4 Nf6 14.Ng3 g6 15.Qd2 Ne8
16.f4 Qh4 17.Qg2 Bxe5 18.fxe5 Ng7 19.Ne2 Qe7 20.c3 Na6 21.Rf6 Nc7 22.Raf1 Nce6
23.Bg3 Qc7 24.Nf4 Nxf4 25.Bxf4 Qa5 26.Bh6 Qc7 27.Qf2 Qe7 28.Qh4 Rae8 29.b4 Qd7
30.Bxg7 Kxg7 31.g5 Qe7 32.Qh6+ Kg8 33.R1f4  1-0

[Event "Ceske Budejovice op"]
[Site "Ceske Budejovice"]
[Date "1995.??.??"]
[Round "2"]
[White "Blehm, Pawel"]
[Black "Feigin, Mihail"]
[Result "0-1"]
[WhiteElo "2340"]
[BlackElo "2460"]

1.e4 d6 2.d4 Nf6 3.Nc3 c6 4.f4 Qa5 5.Bd3 e5 6.Nf3 Bg4 7.dxe5 dxe5 8.h3 Bxf3
9.Qxf3 Nbd7 10.Bd2 Qc7 11.O-O-O O-O-O 12.Bc4 Bd6 13.f5 Nb6 14.Bb3 Bc5 15.Bg5 Bd4
16.Ne2 c5 17.Nxd4 cxd4 18.Kb1 h6 19.Bxf6 gxf6 20.c3 Kb8 21.Rd3 Rd7 22.Rhd1 Rhd8
23.Qe2 Qc5 24.Qd2 dxc3 25.Rxd7 Rxd7 26.Qxc3 Rxd1+ 27.Bxd1 Qxc3 28.bxc3 Nc4
29.Kc1 Nd6 30.Bc2 Kc7 31.Kd2 b6 32.Bd3 Kc6 33.Ke3 Kc5 34.Kf3 Nb5 35.Kg4 Nxc3
36.Kh5 Kd4 37.Bc2 Nxe4 38.Kxh6 Nc3 39.Kg7 e4 40.h4 e3 41.h5 e2 42.h6 e1=Q
43.h7 Qg3+  0-1

[Event "Ceske Budejovice op"]
[Site "Ceske Budejovice"]
[Date "1995.??.??"]
[Round "7"]
[White "Simic, Dragan"]
[Black "Pribyl, Martin"]
[Result "1-0"]
[WhiteElo "2255"]
[BlackElo "2390"]

1.e4 d6 2.d4 Nf6 3.Nc3 c6 4.Bd3 e5 5.Nf3 Qc7 6.h3 Be7 7.O-O O-O 8.Re1 b5
9.Ne2 Nbd7 10.Ng3 Re8 11.c3 Bb7 12.a4 a6 13.axb5 axb5 14.Rxa8 Bxa8 15.Nf5 Bf8
16.dxe5 dxe5 17.Nh2 Nc5 18.Bc2 Rd8 19.Qf3 Ne6 20.Nh6+ gxh6 21.Qxf6 Bg7 22.Qh4 Nf4
23.Ng4 Rd6 24.Bxf4 exf4 25.e5 Re6 26.Bf5 Qe7 27.Qh5 Rg6 28.h4 Kh8 29.Kf1 c5
30.e6 Bd5 31.Bxg6 Bc4+ 32.Bd3 Bxd3+ 33.Kg1 fxe6 34.Nxh6 Bg6 35.Qg5 Qf8 36.Ng4 Bf5
37.Qxf4 h5 38.Ne3 Bg6 39.Qxf8+ Bxf8 40.Nf1 Bf7 41.Re4 b4 42.cxb4 cxb4 43.Rxb4 Kg7
44.Ne3 Be8 45.Rb7+ Kf6 46.Nc2 Bc6 47.Rb6 Be4 48.Nb4 Bc5 49.Rb5 Bd4 50.Na2 Bd3
51.Rb4 e5 52.Nc3 Ke6 53.Rb8 e4 54.Rg8 Bf6 55.g3 Kf5 56.Kg2 Bc4 57.Rf8 Kg6
58.Rxf6+ Kxf6 59.Nxe4+ Ke5 60.f3 Bb3 61.Kf2 Kd4 62.Nf6 Bf7 63.g4 hxg4 64.fxg4 Ke5
65.Nh5 Bb3 66.Kg3 Ba4 67.b4 Be8 68.Nf4 Bb5 69.h5  1-0

[Event "Ceuta"]
[Site "Ceuta"]
[Date "1995.??.??"]
[Round "3"]
[White "Custodio, Rafael"]
[Black "Rodriguez, Fernandez"]
[Result "1-0"]
[WhiteElo "2210"]
[BlackElo "2110"]

1.d4 d6 2.e4 Nf6 3.Nc3 c6 4.Nf3 Bg4 5.Be2 Nbd7 6.O-O e5 7.Be3 Be7 8.a4 a5
9.h3 Bh5 10.Nd2 Bxe2 11.Qxe2 O-O 12.Rad1 Qc7 13.f4 Rfc8 14.Nc4 exd4 15.Bxd4 Re8
16.Qf3 Nxe4 17.Nxe4 d5 18.Qg4 g6 19.Ne5 f5 20.Qg3 fxe4 21.Nxg6 Kf7 22.Ne5+ Nxe5
23.fxe5+  1-0

[Event "Chambery"]
[Site "Chambery"]
[Date "1995.??.??"]
[Round "?"]
[White "Flear, Christine"]
[Black "Lauterbach, Ingrid"]
[Result "1/2-1/2"]
[WhiteElo "2235"]
[BlackElo "2175"]

1.d4 d6 2.e4 Nf6 3.Nc3 c6 4.f3 Nbd7 5.Be3 Qa5 6.Qd2 e5 7.Nge2 d5 8.exd5 Nxd5
9.Nxd5 Qxd5 10.a3 Be7 11.Nc3 Qa5 12.d5 O-O 13.d6 Bf6 14.b4 Qd8 15.Ne4 Bh4+
16.g3 f5 17.Bc4+ Kh8 18.Ng5 Bxg5 19.Bxg5 Nf6 20.Rd1 Bd7 21.O-O h6 22.Be3 Nh5
23.f4 e4 24.Bd4 Nf6 25.Qc3 Qe8 26.Rd2 Kh7 27.Be5 b6 28.Qb2 Rd8 29.Bb3 Qg6
30.c4 Be6 31.Qc3 Nd7 32.Ba4 Qf7 33.Rc1 Rc8 34.c5 b5 35.Bd1 Bc4 36.a4 a6 37.Be2 Bxe2
38.Rxe2 Ra8 39.Ra1 Rae8 40.Bd4 Nf6 41.Bxf6 gxf6 42.axb5 axb5 43.Ra6 Rc8 44.Rea2 Qe6
45.Qa1 Kg6 46.Qd1 Rfd8 47.Ra7 Rd7 48.Rxd7 Qxd7 49.Qa1 Qe6 50.Ra7 Re8 51.Qa2 Qxa2
52.Rxa2 Kf7 53.Ra7+ Ke6 54.Kf2 Kd5 55.Ke3 Kc4 56.Rc7 Kd5 57.Rf7 Ra8 58.Rxf6 Ra3+
59.Ke2 Ra2+ 60.Ke1 Ra1+ 61.Ke2 Ra2+ 62.Kd1 Ra1+ 63.Kc2 Ra7 64.Kc3 Ra3+ 65.Kb2 Ra7
66.Rxf5+ Kc4 67.Re5 Kd3 68.Re7 Ra8 69.d7 Rd8 70.g4 e3 71.f5 Kd2 72.f6 e2
73.f7 e1=Q 74.Rxe1 Kxe1 75.h4 Ke2 76.g5 Rxd7 77.f8=Q Rd2+ 78.Ka3 Rd3+  1/2-1/2

[Event "Copenhagen op2"]
[Site "Copenhagen"]
[Date "1995.??.??"]
[Round "7"]
[White "Mortensen, Erling"]
[Black "Shaw, John"]
[Result "1/2-1/2"]
[WhiteElo "2430"]
[BlackElo "2280"]

1.e4 d6 2.d4 Nf6 3.Nc3 e5 4.Nf3 Nbd7 5.Bc4 Be7 6.O-O O-O 7.Re1 c6 8.a4 b6
9.d5 Bb7 10.dxc6 Bxc6 11.Bg5 a6 12.Bxf6 Nxf6 13.Nd5 Nxd5 14.Bxd5 Bxd5 15.Qxd5 Qc7
16.c3 Rac8 17.Re3 Qc6 18.Qxc6 Rxc6 19.Ne1 Rd8 20.Rd3 Rc5 21.Nc2 d5 22.Rad1 Rc4
23.Rxd5 Rxd5 24.exd5 a5 25.Ra1 Rc5 26.Ne3 Bg5 27.Rd1 Bxe3 28.fxe3 Kf8 29.d6 Ke8
30.d7+ Kd8 31.Kf2 Rc4 32.Rd6 Rxa4 33.Rxb6 Kxd7 34.Rb7+ Ke6 35.Ke2 Ra1 36.e4 h5
37.Rb6+ Ke7 38.g3 Rh1 39.h4 Rg1 40.Rb5 Ke6 41.Rxa5 Rg2+ 42.Kd3 Rxb2 43.Ra6+ Ke7
44.Kc4 Rd2 45.Kc5 g6 46.Ra1 f5 47.Ra7+ Ke6 48.Ra6+ Ke7 49.exf5 gxf5 50.Rh6 Rd3
51.c4 Rxg3 52.Kd5 e4 53.c5 Rc3 54.Rxh5 Kf6 55.Rh6+ Kf7 56.Rh7+ Kf6 57.Rh6+ Kf7
58.Rh7+ Kf6 59.Rh6+  1/2-1/2

[Event "Copenhagen op17"]
[Site "Copenhagen"]
[Date "1995.??.??"]
[Round "9"]
[White "Molvig, Henrik"]
[Black "Hansen, Jo"]
[Result "1/2-1/2"]
[WhiteElo "2240"]
[BlackElo "2105"]

1.d4 d6 2.e4 Nf6 3.Nc3 e5 4.Nge2 Be7 5.h3 a6 6.a4 exd4 7.Nxd4 c5 8.Nf3 Nc6
9.Bc4 Be6 10.Bd5 Qd7 11.O-O O-O 12.Bf4 Rad8 13.Qd2 Nb4 14.Rad1  1/2-1/2

[Event "Crailsheim op 1st"]
[Site "Crailsheim"]
[Date "1995.??.??"]
[Round "?"]
[White "Kammer, Christoph"]
[Black "Maiwald, Jens Uwe"]
[Result "1/2-1/2"]
[WhiteElo "2030"]
[BlackElo "2455"]

1.e4 d6 2.d4 Nf6 3.Nc3 e5 4.Nge2 Be7 5.f3 c6 6.Be3 b5 7.Qd2 O-O 8.O-O-O Nbd7
9.g4 b4 10.Nb1 a5 11.Ng3 exd4 12.Bxd4 c5 13.Be3 Ne5 14.Be2 b3 15.cxb3 c4
16.bxc4 Be6 17.Na3 Rc8 18.Kb1 g6 19.Rc1 Nfd7 20.Rhg1 Nb6 21.Nf5 Bxf5 22.gxf5 Rb8
23.f4 d5 24.fxe5 Bxa3 25.Bd4 Nxc4 26.Bxc4 dxc4 27.Rc2 Qh4 28.Rg3 Rfd8 29.Qe3 Qh5
30.Rg1 Bf8 31.e6 fxe6 32.fxg6 e5 33.gxh7+ Kxh7 34.Bc3 Rb7 35.Bd2 Rd3 36.Qg5 Qxg5
37.Rxg5 c3 38.Bc1 cxb2 39.Rxb2 Rc7 40.Rh5+ Kg6 41.Rxe5 Rd1 42.Rg5+ Kh7 43.Rc2 Rb7+
44.Rb2  1/2-1/2

[Event "CUB-ch"]
[Site "CUB"]
[Date "1995.??.??"]
[Round "2"]
[White "Hernandez, Roman"]
[Black "Perez, Rodney"]
[Result "1-0"]
[WhiteElo "2435"]
[BlackElo "2305"]

1.d4 d6 2.e4 Nf6 3.Nc3 c6 4.Nf3 Qa5 5.Bd3 Nbd7 6.O-O e5 7.a4 Be7 8.Bd2 Qc7
9.a5 O-O 10.Re1 Re8 11.Bc4 exd4 12.Nxd4 Ne5 13.Bb3 d5 14.Bf4 Bc5 15.exd5 Bg4
16.Qd2 Nxd5 17.Ndb5  1-0

[Event "CZE-chT 9495"]
[Site "?"]
[Date "1995.??.??"]
[Round "10"]
[White "Spacek, Petr"]
[Black "Berezjuk, Sergej"]
[Result "1-0"]
[WhiteElo "2400"]
[BlackElo "2395"]

1.d4 d6 2.e4 Nf6 3.Nc3 e5 4.dxe5 dxe5 5.Qxd8+ Kxd8 6.Nf3 Bd6 7.Be3 h6 8.Rd1 Ke7
9.Be2 Be6 10.O-O Nbd7 11.Nh4 g6 12.Nd5+ Kf8 13.Nxf6 Nxf6 14.f4 Kg7 15.f5 Bd7
16.fxg6 fxg6 17.Rf3 Nxe4 18.Bc4 Rhf8 19.Rdf1 Rxf3 20.Rxf3 Be8 21.Bd5 Nf6
22.Bxb7 Rb8 23.Ba6 Ng4 24.Bc1 e4 25.Rc3 Bxh2+ 26.Kf1 Be5 27.Rc4 Nf6 28.b3 Bg3
29.Be3 Bxh4 30.Rxc7+ Kh8 31.Bd4 Bb5+ 32.Bxb5 Rxb5 33.Rf7 Rf5+ 34.Ke2 a5 35.a4 Kg8
36.Ra7 Ng4 37.Ra8+ Kf7 38.Ra7+ Ke8 39.Ra8+ Kd7 40.Ra7+ Kc8  1-0

[Event "CZE-chT qual"]
[Site "?"]
[Date "1995.??.??"]
[Round "2"]
[White "Lamser, Jan"]
[Black "Plinta, Emil"]
[Result "0-1"]
[WhiteElo "2295"]
[BlackElo "2285"]

1.e4 d6 2.d4 Nf6 3.Nc3 e5 4.dxe5 dxe5 5.Qxd8+ Kxd8 6.Bc4 Be6 7.Bxe6 fxe6
8.Be3 Nbd7 9.Nge2 a6 10.f4 Bd6 11.f5 Ke7 12.O-O-O h6 13.h3 b5 14.a3 Bc5 15.Rd3 Bxe3+
16.Rxe3 h5 17.Rg3 Rh7 18.Re1 c6 19.Ng1 exf5 20.exf5 h4 21.Rg5 Nd5 22.Ne4 Rf8
23.Nf3 Nf4 24.Rd1 Nf6 25.Nc5 N6d5 26.Nxe5 Kf6 27.Nf3 Re8 28.Nd7+ Ke7 29.Nde5 Kd6
30.Ng6 Ne2+ 31.Kb1 Re4 32.Nf8 Rh6 33.Rxg7 b4 34.Rd3 Rf6 35.Rd7+ Kc5 36.R7xd5+ cxd5
37.Nd7+  0-1

[Event "CZE-chT1a"]
[Site "?"]
[Date "1995.??.??"]
[Round "?"]
[White "Outulny, Pavel"]
[Black "Joukl, Zdenek"]
[Result "0-1"]
[WhiteElo "2240"]
[BlackElo "2165"]

1.e4 d6 2.d4 Nf6 3.Nc3 c6 4.Bg5 Qb6 5.Qd2 Nbd7 6.Nf3 e5 7.Bxf6 gxf6 8.g3 Be7
9.Bg2 Nf8 10.O-O Ng6 11.Na4 Qc7 12.c4 Bg4 13.h3 Be6 14.c5 Rd8 15.dxe5 dxe5
16.Qe3 O-O 17.h4 Rfe8 18.b3 Kh8 19.Rad1 Rxd1 20.Rxd1 Rd8 21.Rxd8+ Qxd8 22.Qd2 Qc8
23.Kh2 Nf8 24.b4 Nd7 25.a3 a5 26.Qc3 Qa8 27.bxa5 Qa6 28.Ng1 Qb5 29.Nb2 Qxc5
30.Qd2 Qxa3 31.Bh3 Bb4 32.Qe2 Bxh3 33.Nxh3 Qxa5 34.Qg4 Qd8 35.h5 Bf8 36.Qf5 Qe7
37.g4 Qe6 38.Qf3 Bh6 39.Nd1 b5 40.Ne3 Bxe3 41.fxe3 h6 42.Kg3 Kg7 43.Qe2 b4
44.Nf2 Nc5 45.Qc2  0-1

[Event "CZE-chT1a"]
[Site "?"]
[Date "1995.??.??"]
[Round "?"]
[White "Kawaciukova, Zuzana"]
[Black "Joukl, Zdenek"]
[Result "1-0"]
[WhiteElo "2110"]
[BlackElo "2165"]

1.e4 d6 2.d4 Nf6 3.Nc3 c6 4.f4 Qc7 5.Nf3 Bg4 6.e5 Nd5 7.Ne4 dxe5 8.dxe5 Nd7
9.c4 N5b6 10.Bd2 Rd8 11.a4 e6 12.a5 Nc8 13.b4 c5 14.b5 Be7 15.Be2 O-O 16.h3 Bxf3
17.Bxf3 f5 18.Nf2 Nxe5 19.fxe5 Qxe5+ 20.Be2 Rd7 21.Ra2 Bg5 22.h4 Bh6 23.Qc1 Rfd8
24.Bxh6 gxh6 25.Rh3 Rg7 26.Nd3 Qe4 27.Nf2 Qxg2 28.Bf1 Qg1 29.Qe3 Qg6 30.Re2 Re8
31.Qxc5 b6 32.Qd4 h5 33.Rhe3 Rge7 34.Qe5 h6 35.Rg3  1-0

[Event "CZE-chT1c 9495"]
[Site "?"]
[Date "1995.??.??"]
[Round "6"]
[White "Hajek, Michal"]
[Black "Knazovcik, Ladislav"]
[Result "1/2-1/2"]
[WhiteElo "2300"]
[BlackElo "2310"]

1.e4 c6 2.d4 d6 3.Nc3 Nf6 4.f4 Qa5 5.Bd3 e5 6.Nf3 Bg4 7.fxe5 dxe5 8.dxe5 Nfd7
9.e6 fxe6 10.h3 Qh5 11.Be3 Bc5 12.Bxc5 Bxf3 13.Qxf3 Qxf3 14.gxf3 Nxc5 15.f4 Rf8
16.Rf1 e5 17.f5 Nxd3+ 18.cxd3 g6 19.O-O-O Nd7 20.d4 exd4 21.Rxd4 O-O-O 22.Rd6 Kc7
23.Rdd1 Ne5 24.Ne2 Rxd1+ 25.Rxd1 Kb6 26.Nd4 gxf5 27.Nxf5 Rf7 28.Kc2 Kc7 29.Kc3 Rd7
30.Rxd7+ Kxd7 31.Kd4 Nf7 32.h4 b6 33.e5 Nd8 34.Ke4 Ne6 35.Nd6 Ng7 36.Nf7 Ke7
37.Nd6 Kd7 38.Nf7 Ke7 39.Nd6 Kd7  1/2-1/2

[Event "CZE-chT1c 9495"]
[Site "?"]
[Date "1995.??.??"]
[Round "10"]
[White "Skola, Miroslav"]
[Black "Plinta, Emil"]
[Result "0-1"]
[WhiteElo "2240"]
[BlackElo "2285"]

1.e4 d6 2.d4 Nf6 3.Nc3 e5 4.dxe5 dxe5 5.Qxd8+ Kxd8 6.Bg5 Be6 7.f4 exf4 8.Nge2 Nd7
9.O-O-O h6 10.Bxf6+ gxf6 11.Nxf4 h5 12.Kb1 Bd6 13.g3 h4 14.Be2 Be5 15.Nb5 c6
16.Na3 b5 17.c3 Kc7 18.Nc2 Nc5 19.Bf3 hxg3 20.hxg3 Rxh1 21.Rxh1 Rg8 22.Nxe6+ Nxe6
23.g4 Ng5 24.Bg2 Rd8 25.Rf1 Rd2 26.Bh1 a5 27.a3 Kb6 28.Kc1 Rh2 29.Nd4 c5
30.Nf3 Rxh1 31.Rxh1 Nxf3 32.Kc2 c4 33.Rd1 Ng5 34.Rd7 Kc6 35.Re7 Bd6 36.Re8 Kd7
37.Ra8 Bc7 38.Rf8 Bd8 39.b3 cxb3+ 40.Kxb3 a4+ 41.Kc2 Ke7 42.Rh8 Nxe4 43.Rh1 Nd6
44.Kd3 Nc4 45.Kd4 Kd6 46.Ke4 Ke6 47.Rh5 Nxa3 48.Rc5 Be7 49.Rc6+ Bd6 50.Rb6 Nc4
51.Kd3  0-1